Fish, blood, and bone / (Record no. 219477)

000 -LEADER
fixed length control field 01269cam a2200337 a 4500
001 - CONTROL NUMBER
control field 12216520
003 - CONTROL NUMBER IDENTIFIER
control field Nust
005 - DATE AND TIME OF LATEST TRANSACTION
control field 20170210091043.0
008 - FIXED-LENGTH DATA ELEMENTS--GENERAL INFORMATION
fixed length control field 001031r20012000nyub 000 1 eng
010 ## - LIBRARY OF CONGRESS CONTROL NUMBER
LC control number 00052747
020 ## - INTERNATIONAL STANDARD BOOK NUMBER
International Standard Book Number 9780753811399
040 ## - CATALOGING SOURCE
Original cataloging agency DLC
Transcribing agency DLC
Modifying agency DLC
043 ## - GEOGRAPHIC AREA CODE
Geographic area code e-uk-en
-- a-ii---
050 00 - LIBRARY OF CONGRESS CALL NUMBER
Classification number PR6056.O654
Item number F57 2001
082 00 - DEWEY DECIMAL CLASSIFICATION NUMBER
Classification number 823.914
Author Mark FOR
100 1# - MAIN ENTRY--PERSONAL NAME
Personal name Forbes, Leslie.
245 10 - TITLE STATEMENT
Title Fish, blood, and bone /
Statement of responsibility, etc. Leslie Forbes.
250 ## - EDITION STATEMENT
Edition statement 1st American ed.
260 ## - PUBLICATION, DISTRIBUTION, ETC.
Place of publication, distribution, etc. New York :
Name of publisher, distributor, etc. Farrar, Straus and Giroux,
Date of publication, distribution, etc. 2001.
300 ## - PHYSICAL DESCRIPTION
Extent 466 p. :
Other physical details maps ;
Dimensions 22 cm.
650 #0 - SUBJECT ADDED ENTRY--TOPICAL TERM
Topical term or geographic name entry element Women photographers
Form subdivision Fiction.
650 #0 - SUBJECT ADDED ENTRY--TOPICAL TERM
Topical term or geographic name entry element Inheritance and succession
Form subdivision Fiction.
650 #0 - SUBJECT ADDED ENTRY--TOPICAL TERM
Topical term or geographic name entry element Americans
Geographic subdivision England
Form subdivision Fiction.
650 #0 - SUBJECT ADDED ENTRY--TOPICAL TERM
Topical term or geographic name entry element Americans
Geographic subdivision India
Form subdivision Fiction.
650 #0 - SUBJECT ADDED ENTRY--TOPICAL TERM
Topical term or geographic name entry element Cancer
General subdivision Research
Form subdivision Fiction.
651 #0 - SUBJECT ADDED ENTRY--GEOGRAPHIC NAME
Geographic name London (England)
Form subdivision Fiction.
651 #0 - SUBJECT ADDED ENTRY--GEOGRAPHIC NAME
Geographic name Kolkata (India)
Form subdivision Fiction.
655 #7 - INDEX TERM--GENRE/FORM
Genre/form data or focus term Domestic fiction.
Source of term lcsh
655 #7 - INDEX TERM--GENRE/FORM
Genre/form data or focus term Mystery fiction.
Source of term gsafd
906 ## - LOCAL DATA ELEMENT F, LDF (RLIN)
a 7
b cbc
c orignew
d 1
e ocip
f 20
g y-gencatlg
942 ## - ADDED ENTRY ELEMENTS (KOHA)
Source of classification or shelving scheme
Koha item type Book
Holdings
Withdrawn status Lost status Source of classification or shelving scheme Damaged status Not for loan Permanent Location Current Location Shelving location Date acquired Total Checkouts Full call number Barcode Date last seen Date last checked out Copy number Price effective from Koha item type
          Central Library (CL) Central Library (CL) Fiction 02/10/2017 1 823 FOR CL91 06/27/2019 05/03/2019 1 02/10/2017 Book
© 2023 Central Library, National University of Sciences and Technology. All Rights Reserved.